Task-directed sensor fusion and planning : a computational approach

Αποθηκεύτηκε σε:
Λεπτομέρειες βιβλιογραφικής εγγραφής
Κύριος συγγραφέας: Hager, Gregory D. 1961-
Μορφή: Βιβλίο
Γλώσσα:English
Δημοσίευση: Boston : Kluwer Academic Publishers, c1990
Σειρά:Kluwer international series in engineering and computer science ; ; 99
Θέματα:
Ετικέτες: Προσθήκη ετικέτας
Δεν υπάρχουν, Καταχωρήστε ετικέτα πρώτοι!

MARC

LEADER 00000cam a2200000 i 4500
001 1/43138
008 941103s1990 eng d
020 |a 079239108X 
035 |l 10041952 
035 |a 1993  |c ΠΑΝΑΓΙΩΤΟΠΟΥΛΟΣ 
040 |a GR-MY-UA  |b gre  |e aacr 
041 0 |a eng 
082 0 |a 629.892  |2 (20) 
100 1 |a Hager, Gregory D.  |d 1961- 
245 1 0 |a Task-directed sensor fusion and planning :  |b a computational approach /  |c Gregory D. Hager 
260 |a Boston :   |b Kluwer Academic Publishers,   |c c1990 
300 |a xvi, 254 p.;  |b ill.;  |c 25 cm 
490 1 |a Kluwer international series in engineering and computer science  |v ; 99 
504 |a Includes bibliographical references (p. [233]-243 and index 
650 0 0 |a Robots  |x Design and construction. 
650 0 0 |a Artificial intelligence. 
830 0 |a Kluwer international series in engineering and computer science ;  |v ; 99 
852 |a INST  |b SAMOS  |e 19941103  |h 629.892 HAG  |p 005300003700  |q 005300003700  |t BK  |y 0 
909 |a Σ  |b 029718